Statistics for CHALLENGE 50

Click here to take the quiz!

General Stats

  • This quiz has been taken 1 time
  • The average score is 5 of 5

Answer Stats

HintGive Answer in Comments:% Correct
24.5%answer
100%
6.5%below
100%
7.1%comments
100%
27.6%give
100%
23.0%in
100%

Score Distribution

Percentile by Number Answered

Percent of People with Each Score

Your Score History

You have not taken this quiz